00376nam a2200145Ia 4500008004100000020001500041041001200056082001700068100001800085245005800103260002500161300000800186650001700194700001900211221030s9999 xx 000 0 und d a8120321650 aEnglish a105.23bThus aG. J. Thuesen 0aEngineering Economycby G. J. Thuesen, W. J. Fabrycky bPHIaNew Delhic2002 a678 aBE Economics aW. J. Fabrycky